Píšťalka : několik málo řádek z oboru veřejného zdravotnictví : [... historka] /

Hlavní autor: Herrmann, Ignát, 1854-1935
Další autoři: Kristin, Vladimír, 1894-1970
Jazyk: Čeština
Vydáno: Moravská Ostrava : O.M. Štěpánek, 1930
Témata:
Fyzický popis: 7, [I] s. : il. ; 8°
Knihy
Uloženo v:
LEADER 01499nam a22003492a 4500
001 001376912
003 CZ BrMZK
005 20140402084201.0
007 ta
008 140327s1930 xr a er|||||||||||cze d
015 |a cnb000556686 
035 |a (OCoLC)79564075 
040 |a ABA001  |b cze  |c OSA001  |d ABA001 
072 7 |a 821.162.3-3  |x Česká próza  |2 Konspekt  |9 25 
080 |a 821.162.3-3  |2 MRF 
080 |a (0.027.6)  |2 MRF 
100 1 |a Herrmann, Ignát,  |d 1854-1935  |7 jk01040882  |4 aut 
245 1 0 |a Píšťalka :  |b několik málo řádek z oboru veřejného zdravotnictví : [... historka] /  |c Ignát Herrmann ; kresba od akad. malíře Vl. Kristina 
260 |a Moravská Ostrava :  |b O.M. Štěpánek,  |c 1930 
300 |a 7, [I] s. :  |b il. ;  |c 8° 
500 |a S podpisy autora, ilustrátor a vydavatele 
500 |a Vyšlo 200 číslovaných výtisků na ručním papíře 
500 |a Vydal se svolením autora jako soukromý tisk O.M. Štěpánek u příležitosti třetí schůzky moravských bibliofilů v Uherském Hradišti v letnicích 1930 
500 |a Bibliofilie 
500 |a Frontispis 
655 7 |a české prózy  |7 fd133972  |z Česko  |y 19.-20. stol.  |2 czenas 
655 7 |a bibliofilie  |7 fd131893  |2 czenas 
700 1 |a Kristin, Vladimír,  |d 1894-1970  |7 jk01063353  |4 ill 
910 |a BOA001  |b Bf2-0359.444 
990 |a BK 
991 |b 201403 
996 6 |b 2619637371  |c Bf2-0359.444  |l Stud. starých tisků/4.patro  |r Sklad / do násl. otevíracího dne  |n 0  |w 001411831  |u 000010  |a 1  |e BOA001  |j MZK50  |s P